000 00622nam a2200193Ia 4500
005 20250508165117.0
008 008 250505s9999 xx 000 0 hin d
037 _aDissertations
040 _aFEDL
_beng
_cFEDL
041 _ahin
_2eng
084 _a370.32, SUS/DI
_qFEDL
100 _aSushila
245 0 _aNishulk aur anivarya baal shiksha ka adhikar adhiniyam, 2009 (RTE act) ka aalochnatmak vishleshan: Vishith baalkon ke pariprekshya me
260 _c2011
300 _a83p.
546 _aM. Ed. Dissertation, (Delhi University)
942 _cDIS
_h370.32, SUS/DI
999 _c1393229
_d1393229